Регионална библиотека "Любен Каравелов" - Русе

Ужас (Запис номер 165376)

MARC детайли
000 -Лидер
Контролно поле с фиксирана дължина 01299nam a2200349 c 4500
003 - Код на организацията, давaща контролен номер
Контролно поле BLK
005 - Дата и час на последна редакция
Контролно поле 20230815111404.0
008 - Елементи от данни с фиксирана дължина
fixed length control field 180410b bul|||||r ||||||| ||bul||
010 ## - Наследен системен номер
LC control number KNG00172986000
020 ## - Международен стандартен номер на книга ISBN
Международен стандартен номер на книга ISBN 978-619-152-344-3
-- издат.: Изток-Запад
040 ## - Източник на каталожния запис
Идентификатор на билиотеката - собственик на записа BLK
041 ## - Код за език
Код за езика на текст/звукозапис или на отделно заглавие Български
Код за езика КДБФ Български
072 #7 - Код за тематичната категория
Код организация bullib
Код за тематична категория Н83
Текст Чужда художествена литература Н
080 ## - УДК
Текстов определител УДК Американска литература (на САЩ)
УДК код - определител по УДК 821.111(73)
УДК определител -31
УДК - код + определител 821.111(73)-31
100 1# - Редна дума - Автор
Автор Симънс, Дан
Авторска отговорност първи автор
R(LIN) 255901
139 ## - Редно поле
Редна дума Симънс, Дан
Авторски знак Сим - С 37
245 10 - Сведения за заглавието
Заглавие Ужас
Редно поле (дума) Дан Симънс; прев. от англ. Васил Константинов Велчев.
257 ## - Страна на издаване
Страна на създаване/издаване Съединени американски щати
260 ## - Област на издателските данни
-- София
Име на издателя, разпространителя и проч. Изток-Запад
Година на издаване 2013
300 ## - Физическа характеристика
Страници 792 с.
Размери/Мащаб 22 см
380 ## - Жанр
Жанр Худож. лит.
490 1# - СЕРИИ (Колекции)
Име на серия Magica
500 ## - Общи забележки
Забележка Ориг. загл.: The terror / Dan Simmons.
659 ## - Тематичен бюлетин
Тематичен бюлетин Н
700 1# - Други автори (авторска отговорност)
Лично име Велчев, Васил Константинов
Автороска отговорност (Описва отношението между автора и произведението) прев. от англ.
9 (RLIN) 367601
852 ## - Местоположение
Форматна сигнатура Цб 273287
856 4# - Електронен адрес и достъп
Електронен формат pdf - файл
Път до файла /url/
856 4# - Електронен адрес и достъп
Електронен формат pdf - файл
Път до файла /url/
942 ## - АРТИКУЛИ
Вид на библиотечния материал Книги
Скрит в OPAC Не
Koha issues (borrowed), all copies 1
944 ## - СЪЗДАВАНЕ И РЕДАКЦИЯ на ЗАПИСА
Създаване/Редакция Създаване
Дата на регистрацията/редакция 13.03.2015
Служител, извършил регистрацията/редакцията 30567
Статус, дата на статуса Правда Бадева
944 ## - СЪЗДАВАНЕ И РЕДАКЦИЯ на ЗАПИСА
Създаване/Редакция Редакция
Дата на регистрацията/редакция 16.07.2015
Служител, извършил регистрацията/редакцията Геновева_Генчева
999 ## - СИСТЕМНИ КОНТРОЛНИ НОМЕРА
Koha biblionumber 165376
Koha biblioitemnumber 165376
Наличности
Код за отписване Код за изгубен артикул Код за повреда Коз за рестрикции Код за отдаване Артикулен № Име на библиотеката - собственик Име на библиотеката, в която се намира в момента Статус (Текущо местоположение) Дата на вписване в системата Местоположение - отдел Цена в лева Инвентарен номер Систематично азбучна сигнатура Баркод Номер на екземпляра Цена в евро Служебна бележка Служебен тип на артикула
  Не е изгубен Не е повреден без рестрикции ползва се в читалня 278841 Регионална библиотека "Любен Каравелов" Русе Регионална библиотека "Любен Каравелов" Русе Хранилище 2015-03-12 Хранилище 29.90 120000786368 Цб 273287 120000786368 1 15.29 Дост: Dp Вид: Д N: 32 Дата: 17.07.2014 Книги
Vip Innovations Ltd, Rousse, Bulgaria 2025